Countries of the World - Alphabetically - Statistics

General Stats
  • This quiz has been taken 4,728 times
  • The average score is 117 of 196
Answer Stats
Country % Correct
Afghanistan
96%
Albania
94%
Algeria
88%
Andorra
87%
Azerbaijan
85%
Armenia
84%
Australia
84%
Austria
84%
Angola
83%
Antigua and Barbuda
83%
Argentina
80%
Bahamas
80%
Bahrain
79%
Belgium
79%
Barbados
77%
Bangladesh
76%
Belize
75%
Belarus
73%
Benin
73%
Bhutan
73%
Bolivia
73%
Botswana
73%
Canada
73%
Denmark
72%
Brazil
71%
Cameroon
71%
Bosnia and Herzegovina
70%
Brunei
70%
Burundi
70%
Cambodia
70%
Bulgaria
69%
Burkina Faso
69%
Chile
69%
China
69%
Djibouti
69%
Eritrea
68%
Finland
68%
France
68%
Colombia
67%
Comoros
67%
Czech Republic
67%
Dominican Republic
67%
Haiti
67%
Chad
66%
Dominica
66%
Ecuador
66%
Estonia
66%
Zimbabwe
66%
Cape Verde
65%
Egypt
65%
Ethiopia
65%
Fiji
65%
Honduras
65%
Iceland
65%
India
65%
Indonesia
65%
Zambia
65%
Costa Rica
64%
Croatia
64%
Cyprus
64%
El Salvador
64%
Eswatini
64%
Gabon
64%
Germany
64%
Guinea
64%
Guinea-Bissau
64%
Hungary
64%
Ireland
64%
Jamaica
64%
Japan
64%
Cuba
63%
Gambia
63%
Iran
63%
Iraq
63%
Jordan
63%
Kazakhstan
63%
Yemen
63%
Central African Republic
62%
Equatorial Guinea
62%
Ghana
62%
Italy
62%
Latvia
62%
Democratic Republic of the Congo
61%
East Timor
61%
Guyana
61%
Israel
61%
Kenya
61%
Kiribati
61%
Laos
61%
Guatemala
60%
Kyrgyzstan
60%
Mali
60%
Greece
59%
Kosovo
59%
Libya
59%
Liechtenstein
59%
Lithuania
59%
United Kingdom
59%
United States
59%
Venezuela
59%
Grenada
58%
Liberia
58%
Luxembourg
58%
Mauritania
58%
Vanuatu
58%
Kuwait
57%
Lebanon
57%
Lesotho
57%
Mauritius
57%
Oman
57%
Uruguay
57%
Uzbekistan
57%
Vatican City
57%
Namibia
56%
Turkmenistan
56%
United Arab Emirates
56%
Vietnam
56%
Madagascar
55%
Malawi
55%
Maldives
55%
North Korea
55%
Turkey
55%
Federated States of Micronesia
54%
Georgia
54%
Ivory Coast
54%
Malaysia
54%
Nauru
54%
Palau
54%
Qatar
54%
Malta
53%
Monaco
53%
Pakistan
53%
Paraguay
53%
Russia
53%
Uganda
53%
Mexico
52%
Montenegro
52%
Netherlands
52%
Niger
52%
Nigeria
52%
North Macedonia
52%
Norway
52%
Poland
52%
Romania
52%
Rwanda
52%
Saint Kitts and Nevis
52%
Saint Lucia
52%
Saint Vincent and the Grenadines
52%
South Korea
52%
Tuvalu
52%
Moldova
51%
Morocco
51%
Mozambique
51%
Nicaragua
51%
Panama
51%
Peru
51%
Portugal
51%
South Sudan
51%
Tajikistan
51%
Marshall Islands
50%
Mongolia
50%
Myanmar
50%
Nepal
50%
Sweden
50%
Switzerland
50%
Ukraine
50%
New Zealand
49%
San Marino
49%
South Africa
49%
Sudan
49%
Togo
49%
Tonga
49%
Papua New Guinea
48%
Senegal
48%
Slovakia
48%
Slovenia
48%
Suriname
48%
Philippines
47%
Samoa
47%
São Tomé and Príncipe
47%
Seychelles
47%
Syria
47%
Thailand
47%
Serbia
46%
Somalia
46%
Taiwan
46%
Tanzania
46%
Trinidad and Tobago
46%
Spain
45%
Singapore
44%
Tunisia
44%
Solomon Islands
42%
Sri Lanka
42%
Sierra Leone
41%
Republic of the Congo
40%
Saudi Arabia
40%
No matching quizzes found
Score Distribution
Percent of People with Each Score
Percentile by Number Answered
Your Score History
You have not taken this quiz